[Event "NOR-ch Youth 2019"]
[Site "Skien"]
[Date "2019.11.09"]
[Round "3.12"]
[White "Johannessen, Heine N"]
[Black "Unneland, Mathias"]
[Result "0-1"]
[WhiteElo "1772"]
[BlackElo "2029"]
[Annotator "NA RC"]
[PlyCount "116"]
[EventDate "2019.11.08"]
[EventType "swiss"]
[EventCountry "NOR"]
[SourceTitle "playchess.com"]
[Source "ChessBase"]
[SourceQuality "1"]
[TimeControl "2400+10"]

{[%evp 8,109,20,22,39,23,31,35,31,15,33,32767,32767,0,14,0,17,5,5,-11,-23,-39,-18,-41,-42,-62,-68,-85,-57,-70,-48,-44,-6,-52,-36,-43,-19,-39,-20,-32,0,0,6,5,107,31,36,50,81,0,458,32767,32767,32767,32767,32767,32767,32767,32767,32,32767,32767,32767,-19,0,32767,32767,32767,32767,32767,32767,32767,32767,32767,32767,32767,32767,32767,32767,32767,32767,32767,32767,-189,-156,-165,-198,-206,-199,-225,-164,-200,-122,-150,-150,-172,-184,-286,-133,-152,-247,-161,-122,-328]} 1. d4 {[%emt 0:00:00]} Nf6 {[%emt 0:00:00]} 2. Nf3 {[%emt 0:00:01]} e6 {[%emt 0:00:11]} 3. c4 {[%emt 0:00:14]} d5 {[%emt 0:00:03]} 4. Nc3 {[%emt 0:00:11]} c6 {[%emt 0:00:11]} 5. Bg5 {[%emt 0:00:14]} h6 {[%emt 0:00:11]} 6. Bxf6 {[%emt 0:00:36]} Qxf6 {[%emt 0:00:02]} 7. e3 {[%emt 0:00:17]} Nd7 {[%emt 0:00:03]} 8. Be2 {[%emt 0:03:31]} g6 {[%emt 0:00:08] D43: Semi-Slav: 5 Bg5 h6} 9. O-O {[%emt 0:00:44]} Bg7 {[%emt 0:00:02]} 10. Qb3 $146 {[%emt 0:01:51]} (10. cxd5 exd5 11. b4 a6 12. a4 O-O 13. b5 a5 14. Rc1 Re8 15. Qb3 Qd6 16. Rfd1 {0-1 (65) Yu,Y (2784)-Korobov,A (2756) Hengshui 2019}) 10... O-O {[%emt 0:00:25]} 11. Rfd1 {[%emt 0:00:46]} dxc4 {[%emt 0:01:47]} 12. Qxc4 {[%emt 0:01:19]} e5 {[%emt 0:00:39]} 13. dxe5 {[%emt 0:02:47]} Nxe5 {[%emt 0:00:02]} 14. Nxe5 {[%emt 0:02:16]} Qxe5 {[%emt 0:00:02]} 15. Bf3 {[%emt 0:00:26]} Be6 {[%emt 0:00:19]} 16. Qd4 {[%emt 0:01:05]} Qa5 {[%emt 0:03:16]} 17. Qf4 {[%emt 0:02:25]} Kh7 {[%emt 0:02:09]} 18. h4 {[%emt 0:02:44]} Be5 {[%emt 0:04:51]} ({But not} 18... Bxc3 19. bxc3 Qxc3 20. Rab1 $11) 19. Qe4 {[%emt 0:00:35]} Bxc3 {[%emt 0:06:00]} 20. bxc3 {[%emt 0:00:09]} Qxc3 {[%emt 0:00:58]} 21. h5 {[%emt 0:02:25]} Qf6 {[%emt 0:05:28]} 22. Qb4 {[%emt 0:01:38]} Rab8 {[%emt 0:01:26]} 23. Rab1 {[%emt 0:01:52]} b6 {[%emt 0:06:56]} 24. Bxc6 {[%emt 0:01:19]} Bxa2 {[%emt 0:02:19]} 25. Rd6 {[%emt 0:02:08]} Qf5 {[%emt 0:02:15]} (25... Be6 $11) 26. hxg6+ {[%emt 0:01:06]} (26. Ra1 $16 a5 27. Qd4) 26... fxg6 {[%emt 0:00:03]} 27. Rb2 {[%emt 0:01:13]} Be6 {[%emt 0:03:12]} 28. Rbd2 {[%emt 0:01:35]} Rf7 $2 {[%emt 0:00:35]} (28... Rbc8 $11) 29. Be4 {[%emt 0:01:40]} Qe5 {[%emt 0:00:45]} 30. f4 {[%emt 0:01:54]} Qa1+ {[%emt 0:00:28]} 31. Rd1 {[%emt 0:00:45]} Qf6 {[%emt 0:00:05]} 32. Qb1 {[%emt 0:01:50]} Rg8 {[%emt 0:00:10]} 33. Bd5 {[%emt 0:01:13]} ({Better is} 33. Rc6 $16) 33... Re8 {[%emt 0:00:12]} 34. Bc6 {[%emt 0:00:07]} Ree7 {[%emt 0:00:10]} 35. Qe4 {[%emt 0:00:48]} Kg7 {[%emt 0:00:10]} 36. R1d2 {[%emt 0:00:47]} Qa1+ {[%emt 0:00:08]} 37. Rd1 {[%emt 0:00:03]} Qf6 {[%emt 0:00:08]} 38. R1d2 {[%emt 0:00:02]} Bf5 {[%emt 0:00:16]} 39. Qb4 {[%emt 0:00:44]} Qh4 {[%emt 0:00:09]} 40. Qd4+ {[%emt 0:00:11]} Kh7 {[%emt 0:00:02]} 41. Rd8 {[%emt 0:00:14]} Qf6 {[%emt 0:00:14]} 42. Qxf6 {[%emt 0:00:41]} Rxf6 {[%emt 0:00:02]} 43. e4 {[%emt 0:00:14]} Rxc6 {[%emt 0:00:02]} 44. exf5 {[%emt 0:00:01]} gxf5 {[%emt 0:00:02]} 45. R2d5 {[%emt 0:00:12]} Rc5 {[%emt 0:00:36]} 46. R8d7 {[%emt 0:00:21]} Rc7 {[%emt 0:00:15]} 47. Rd8 {[%emt 0:00:13]} Rf7 {[%emt 0:00:07]} 48. Kh2 {[%emt 0:00:08]} Rc4 {[%emt 0:00:05]} 49. g3 {[%emt 0:00:07]} a5 {[%emt 0:00:06]} 50. Rb8 {[%emt 0:00:05]} Rc6 {[%emt 0:00:22]} 51. Kh3 {[%emt 0:00:25]} Ra7 {[%emt 0:00:11]} 52. Rxf5 {[%emt 0:00:10]} a4 {[%emt 0:00:01]} 53. Rff8 {[%emt 0:00:07]} a3 {[%emt 0:00:20]} 54. Rh8+ {[%emt 0:00:10]} Kg6 $17 {[%emt 0:00:01]} 55. Rbf8 $2 {[%emt 0:00:15]} (55. Kg4 $17 {is a better defense.}) 55... a2 {[%emt 0:00:11]} 56. f5+ {[%emt 0:00:08]} Kh5 {[%emt 0:00:08]} 57. g4+ {[%emt 0:00:05]} Kg5 {[%emt 0:00:01]} 58. Rhg8+ {[%emt 0:00:02]} Kf4 {[%emt 0:00:01]} 0-1

[Event "NOR-ch Youth 2019"]
[Site "Skien"]
[Date "2019.11.09"]
[Round "3.13"]
[White "Kvaloy, Aksel Bu"]
[Black "Solaas, Timian Martinius Man"]
[Result "1-0"]
[WhiteElo "2209"]
[BlackElo "1796"]
[Annotator "TA"]
[PlyCount "117"]
[EventDate "2019.11.08"]
[EventType "swiss"]
[EventCountry "NOR"]
[SourceTitle "playchess.com"]
[Source "ChessBase"]
[SourceQuality "1"]

{[%evp 10,117,27,25,19,32,41,8,27,11,58,43,58,0,16,4,3,7,14,4,8,0,8,0,14,0,18,0,16,20,13,0,0,0,4,0,0,0,19,2,42,44,32,33,32,31,31,27,48,31,33,26,43,12,60,20,24,30,54,44,68,62,63,8,8,9,16,17,15,12,15,0,0,0,16,16,42,16,67,77,74,75,88,63,75,23,18,17,31,0,0,0,120,116,210,210,584,584,667,631,4627,4000,29979,29980,29981,29982,29984,29985,29986,29987]} 1. e4 c6 2. d4 d5 3. exd5 cxd5 4. Bd3 Nc6 5. c3 Qc7 6. Ne2 e5 {B13: Caro-Kann: Exchange Variation and Panov-Botvinnik Attack} (6... Bg4 7. O-O Nf6 8. Qe1 Qc8 9. Ng3 h5 10. f3 Bd7 11. Bf4 h4 12. Ne2 Bf5 13. Bxf5 Qxf5 14. h3 e6 {½-½ (26) Kamsky,G (2666)-Vitiugov,N (2709) Germany 2019}) 7. dxe5 Nxe5 8. Nd4 $146 ({Predecessor:} 8. Bb5+ Bd7 9. Bxd7+ Qxd7 10. O-O Nf6 11. Bf4 Bd6 12. Nd2 O-O 13. Nd4 Rfe8 14. N2f3 {½-½ (25) Mikaelyan,A (2454)-Harutjunyan,G (2455) Yerevan 2019}) 8... Nxd3+ {The position is equal.} 9. Qxd3 Nf6 10. O-O Be7 11. Qg3 (11. Nb5 {with more complications.} Qc6 12. Re1 Be6 13. Bf4 O-O 14. Nd2) 11... Qxg3 12. hxg3 O-O 13. Nd2 Bd7 14. N2b3 Rfe8 15. Bf4 b6 16. Rfd1 Rac8 17. Nf3 Be6 18. Nbd4 a6 19. Nxe6 fxe6 20. Ne5 Bd6 21. Re1 Bxe5 22. Rxe5 Nd7 23. Re2 e5 24. Rae1 {[%cal Rf4e5]} e4 25. Rd1 Nf6 26. Red2 h6 27. Be3 Re6 28. Bd4 Ne8 29. Kf1 b5 30. Be3 Nf6 31. Rd4 Rd8 32. Ra1 Ng4 33. Ke2 Ne5 34. a4 $1 Nc4 35. axb5 axb5 36. b3 ({White should try} 36. Ra2 $14) 36... Nxe3 $11 37. Kxe3 {[%mdl 4096] Endgame Black must now prevent c4. KRR-KRR} Rc6 38. Rc1 Rdc8 39. Kd2 Rf6 40. Ke3 Rfc6 41. Kd2 Rf6 42. Ke2 Rf5 43. Ke3 (43. g4 $5 {[%cal Rg4f5]} Rg5 44. f3 $14) 43... g5 (43... h5 $11) 44. g4 $14 Re5 45. Rb4 Rb8 46. Kd4 Ree8 47. Kxd5 ({White should play} 47. Rc2 $16) 47... Rbd8+ $1 $11 48. Kc6 Rd2 49. Rxb5 Rxf2 50. Kd7 Ref8 {[#]} (50... Ra8 $11 {remains equal.}) 51. Re5 $1 $16 Rxg2 (51... R8f6 $16 {might work better.}) 52. Rxe4 $18 Rf4 $2 (52... Ra2 {is a better chance.} 53. Kc6 Rc8+ 54. Kb7 Raa8) 53. Rxf4 gxf4 {KR-KR} 54. c4 Rxg4 55. c5 f3 56. c6 {White mates.} Rd4+ 57. Ke6 Rd8 58. c7 Rc8 59. Kd7 {Accuracy: White = 57%, Black = 46%.} 1-0

[Event "NOR-ch Youth 2019"]
[Site "Skien"]
[Date "2019.11.09"]
[Round "3.14"]
[White "Nordquelle, Amelia"]
[Black "Tunsjo, Axel"]
[Result "1-0"]
[WhiteElo "1670"]
[BlackElo "2038"]
[Annotator "NA RC"]
[PlyCount "99"]
[EventDate "2019.11.08"]
[EventType "swiss"]
[EventCountry "NOR"]
[SourceTitle "playchess.com"]
[Source "ChessBase"]
[SourceQuality "1"]
[TimeControl "2400+10"]

{[%evp 8,95,41,6,43,26,59,18,29,0,14,14,43,0,13,0,7,-13,0,-31,-16,-21,-3,-56,-52,-51,-55,-39,0,-17,-7,-88,304,320,305,313,315,306,319,304,304,348,325,319,345,339,323,368,376,418,392,402,436,32767,722,301,32767,32767,32767,32767,275,303,32767,32767,32767,354,32767,32767,416,574,425,401,32767,32767,975,894,29989,29983,29983,29990,29992,29993,29993,29992,29996,29993,29994,29992,29991,29992]} 1. d4 {[%emt 0:00:02]} Nf6 {[%emt 0:00:00]} 2. c4 {[%emt 0:00:15]} e6 {[%emt 0:00:07]} 3. Nc3 {[%emt 0:00:17]} Bb4 {[%emt 0:00:14]} 4. Qc2 {[%emt 0:00:26]} c5 {[%emt 0:00:57]} 5. Nf3 {[%emt 0:03:00]} Nc6 {[%emt 0:03:04]} 6. dxc5 {[%emt 0:04:19]} Bxc5 {[%emt 0:00:09]} 7. a3 {[%emt 0:01:55]} O-O {[%emt 0:01:04]} 8. b4 {[%emt 0:00:31]} Be7 {[%emt 0:00:01]} 9. Bb2 {[%emt 0:02:29] E39: Nimzo-Indian: Classical: 4...c5 5 dxc5 0-0} a5 {[%emt 0:01:22]} 10. b5 {[%emt 0:01:20]} Nb8 $1 {[%emt 0:00:03]} 11. O-O-O $146 {[%emt 0:01:46]} (11. g4 $14) ({Predecessor:} 11. e3 d6 12. Be2 h6 13. Nd4 Qc7 14. g4 Re8 15. h4 e5 16. Nf5 Bxf5 17. Qxf5 {1-0 (29) Tristan,L (2450)-Godoy Olazabal,A (2141) Buenos Aires 2013}) 11... Qc7 {[%emt 0:00:44]} 12. e3 {[%emt 0:00:54]} d6 {[%emt 0:00:16]} 13. Bd3 {[%emt 0:03:21]} Nbd7 {[%emt 0:01:39]} 14. Na4 {[%emt 0:01:43]} b6 {[%emt 0:02:21]} 15. Nd4 {[%emt 0:03:03]} ({Better is} 15. Nd2 $11) 15... Bb7 {[%emt 0:00:52]} 16. f4 {[%emt 0:01:27]} Rac8 {[%emt 0:00:55]} 17. Kb1 {[%emt 0:00:53]} d5 {[%emt 0:03:28]} 18. cxd5 {[%emt 0:01:13]} Bxd5 {[%emt 0:00:12] [#]} 19. Nc3 {[%emt 0:01:47]} (19. Nc6 $1 $11 {[%mdl 512]} Bxc6 20. bxc6 Qxc6 {[#]} 21. Bxh7+ $1 {[%mdl 512]} Kh8 22. Qxc6 Rxc6 23. Bd3) 19... Bc4 $2 {[%emt 0:01:41]} (19... Ba8 $17 {keeps the pressure on.} 20. Rc1 Nc5) 20. Nc6 {[%emt 0:00:54]} Nb8 {[%emt 0:04:04]} 21. Bxc4 {[%emt 0:01:35]} Nxc6 {[%emt 0:00:01]} 22. bxc6 {[%emt 0:00:37]} Qxc6 {[%emt 0:00:01]} 23. Bd3 {[%emt 0:01:04]} b5 {[%emt 0:00:58]} 24. Bxb5 {[%emt 0:02:41]} Qb6 {[%emt 0:00:33]} 25. a4 {[%emt 0:00:46]} Bb4 {[%emt 0:01:59]} 26. Rd3 {[%emt 0:01:29]} Ne4 {[%emt 0:02:28]} 27. Rc1 {[%emt 0:01:31]} Rc5 {[%emt 0:02:33]} 28. Qb3 {[%emt 0:01:43]} ({Resist} 28. Nxe4 Rxc2 29. Rxc2 h6 $18) 28... Bxc3 {[%emt 0:03:53]} 29. Bxc3 {[%emt 0:00:07]} Rfc8 {[%emt 0:00:03]} 30. Bb2 {[%emt 0:00:25]} Qb7 {[%emt 0:03:10]} (30... Rxc1+ $142 31. Bxc1 Rxc1+ 32. Kxc1 Nc5) 31. Qd1 {[%emt 0:00:46]} (31. Rxc5 $142 Nxc5 {[#]} 32. Qc3 $1 {[%mdl 576] Double Attack}) 31... Rxc1+ {[%emt 0:01:48]} 32. Bxc1 {[%emt 0:00:07]} Qc7 {[%emt 0:00:01]} 33. Bb2 {[%emt 0:00:18]} Nf2 {[%emt 0:00:10]} 34. Qd2 {[%emt 0:00:22]} ({Don't play} 34. Be5 $6 Qe7 $18) 34... Nxd3 {[%emt 0:00:07]} 35. Qxd3 {[%emt 0:00:06]} Qe7 {[%emt 0:01:14]} 36. Qd4 {[%emt 0:00:14]} f6 {[%emt 0:00:41]} 37. Qd7 {[%emt 0:00:11]} Qc5 {[%emt 0:01:51]} 38. Qxe6+ {[%emt 0:00:17]} Kh8 {[%emt 0:00:01]} 39. Ka2 {[%emt 0:00:11]} Rf8 {[%emt 0:00:25]} 40. Qe4 {[%emt 0:00:08]} g6 {[%emt 0:01:18] [#]} (40... Qh5 $142 41. Bc3 Qxh2 42. Bxa5 Qh5) 41. Ba3 $1 {[%emt 0:00:02]} Qb6 {[%emt 0:00:11]} 42. Bxf8 {[%emt 0:00:07]} Qd8 {[%emt 0:00:04]} 43. Ba3 {[%emt 0:00:22]} Qd2+ {[%emt 0:00:07] [#]} 44. Bb2 $1 {[%emt 0:00:01]} Kg7 {[%emt 0:00:17]} 45. Bc4 {[%emt 0:00:22]} Qb4 {[%emt 0:00:08]} 46. Qc6 {[%emt 0:00:06] Remove Defender} Kh6 {[%emt 0:00:07]} 47. Qb5 {[%emt 0:00:05]} Qd2 {[%emt 0:00:05]} 48. Qb6 {[%emt 0:00:21]} Qd7 {[%emt 0:00:21]} 49. Bb3 {[%emt 0:00:03]} f5 {[%emt 0:00:03]} 50. Qf6 {[%emt 0:00:03]} 1-0

[Event "NOR-ch Youth 2019"]
[Site "Skien"]
[Date "2019.11.09"]
[Round "3.15"]
[White "Eliseev, Sergey"]
[Black "Austad, Eirik"]
[Result "1-0"]
[WhiteElo "1911"]
[BlackElo "1753"]
[Annotator "NA RC"]
[PlyCount "45"]
[EventDate "2019.11.08"]
[EventType "swiss"]
[EventCountry "NOR"]
[SourceTitle "playchess.com"]
[Source "ChessBase"]
[SourceQuality "1"]
[TimeControl "2400+10"]

{[%evp 8,45,56,47,106,75,32767,46,53,40,41,29,29,35,37,52,69,46,96,48,62,44,367,341,378,379,473,467,494,641,516,113,91,30,770,317,733,764,29998,29999]} 1. e4 {[%emt 0:00:00]} d6 {[%emt 0:00:01]} 2. d4 {[%emt 0:00:02]} Nf6 {[%emt 0:00:08]} 3. Nc3 {[%emt 0:00:22]} c6 {[%emt 0:00:11]} 4. Nf3 {[%emt 0:02:53]} Bg4 {[%emt 0:01:12]} 5. h3 {[%emt 0:01:04]} Bxf3 {[%emt 0:00:12]} (5... Bh5 6. g4 Bg6 7. Bd3 e6 8. g5 Nfd7 9. Be3 Bh5 10. Be2 d5 11. Nd2 Bxe2 12. Nxe2 a5 13. c3 a4 14. h4 {1-0 (32) Zhigalko,S (2671)-Zhang,Z (2645) Doha 2016}) 6. Qxf3 {[%emt 0:00:15] B07: Pirc Defence: Miscellaneous Systems} e6 {[%emt 0:00:12]} 7. Bd3 {[%emt 0:04:09]} d5 {[%emt 0:00:10]} 8. e5 {[%emt 0:04:07]} Nfd7 {[%emt 0:00:17]} 9. Ne2 {[%emt 0:01:41]} c5 {[%emt 0:00:34]} 10. c3 {[%emt 0:03:11]} Nc6 {[%emt 0:00:09]} 11. O-O {[%emt 0:01:31]} Be7 {[%emt 0:02:20]} 12. Qg4 $146 {[%emt 0:02:37]} ({Predecessor:} 12. Qg3 g6 13. Be3 Qc7 14. f4 O-O-O 15. Qf2 cxd4 16. Nxd4 Nxd4 17. Bxd4 {½-½ (68) Krutyanski,A-Khalilbeili,S Riga 1954}) 12... Kf8 {[%emt 0:03:54]} 13. b3 {[%emt 0:07:47]} ({White should play} 13. Nf4 $16) 13... Rc8 {[%emt 0:01:32]} 14. f4 {[%emt 0:04:03]} g6 $2 {[%emt 0:02:41] [#]} (14... cxd4 $14 15. Nxd4 h5) 15. f5 $1 {[%emt 0:02:55]} h5 {[%emt 0:03:20]} 16. Qf4 {[%emt 0:02:19]} exf5 {[%emt 0:02:08] [#]} 17. Bxf5 $1 {[%emt 0:01:04]} gxf5 {[%emt 0:01:06]} 18. Qxf5 {[%emt 0:00:01]} Qe8 {[%emt 0:02:54]} 19. Nf4 $2 {[%emt 0:00:04]} (19. e6 $18 {and the rest is easy.} Nf6 20. Bg5) 19... Kg8 {[%emt 0:02:16]} 20. Rf3 {[%emt 0:02:10]} ({Don't play} 20. Nxd5 $6 Rh7 $11) (20. e6 $16 fxe6 21. Qxe6+ Kg7 22. Qxd5) 20... h4 $2 {[%emt 0:01:16]} (20... Bh4 $11) 21. e6 $2 {[%emt 0:00:23]} (21. Qg4+ Kh7 22. Nxd5 Nxd4 23. cxd4) 21... Nf6 $2 {[%emt 0:01:33]} (21... fxe6 22. Qxe6+ Kg7) 22. exf7+ {[%emt 0:00:02]} Kxf7 {[%emt 0:00:39]} 23. Qg6+ {[%emt 0:00:02]} 1-0

[Event "NOR-ch Youth 2019"]
[Site "Skien"]
[Date "2019.11.09"]
[Round "3.16"]
[White "Steensen, Oskar"]
[Black "Olsen, William Alexander"]
[Result "0-1"]
[WhiteElo "1457"]
[BlackElo "1842"]
[Annotator "NA RC"]
[PlyCount "148"]
[EventDate "2019.11.08"]
[EventType "swiss"]
[EventCountry "NOR"]
[SourceTitle "playchess.com"]
[Source "ChessBase"]
[SourceQuality "1"]
[TimeControl "2400+10"]

{[%evp 8,88,1,1,-8,-7,13,-7,-2,-4,-2,-12,-3,-15,54,-21,-17,-28,-31,-57,-39,-36,-32,-54,-13,-22,-10,-37,20,-165,-157,-169,-154,-162,-164,-155,-138,-140,-150,-164,-146,-206,-216,-275,-205,-240,-253,-393,-470,-401,-473,-482,-495,-502,-249,-475,-545,-488,-496,-618,-471,-441,-381,-390,-385,-400,-415,-435,-600,-493,-446,-583,-508,-467,-602,-734,-743,-674,-635,-668,-2529,-719,-1652]} 1. e4 {[%emt 0:00:00]} c6 {[%emt 0:00:00]} 2. Nf3 {[%emt 0:00:11]} d5 {[%emt 0:00:01]} 3. exd5 {[%emt 0:00:04]} cxd5 {[%emt 0:00:08]} 4. d4 {[%emt 0:00:02]} Nc6 {[%emt 0:00:14]} 5. Bd3 {[%emt 0:00:07]} Bg4 {[%emt 0:00:17]} 6. c3 {[%emt 0:00:38]} e6 {[%emt 0:00:37]} 7. O-O {[%emt 0:00:17] B13: Caro-Kann: Exchange Variation and Panov-Botvinnik Attack} Bd6 {[%emt 0:00:19]} 8. h3 {[%emt 0:00:04]} (8. Nbd2 Nge7 9. Re1 Qc7 10. Nf1 O-O-O 11. b4 Kb8 12. Bd2 f6 13. Be2 h5 14. a4 g5 {½-½ (40) Narva,M (2266)-Kovalenko,I (2702) Riga 2015}) 8... Bh5 {[%emt 0:00:06]} 9. Re1 $1 {[%emt 0:00:36]} Nge7 {[%emt 0:01:10]} 10. Nbd2 {[%emt 0:00:43]} O-O {[%emt 0:01:48]} ({Better is} 10... h6 $11) 11. Qc2 {[%emt 0:00:21]} (11. Bxh7+ $5 Kxh7 12. Ng5+ {[%mdl 64] Discovered Attack} Kg6 13. Ndf3 Bxf3 14. Qxf3 $14) 11... Bg6 {[%emt 0:01:30]} 12. Ne5 $146 {[%emt 0:00:32]} ({Predecessor:} 12. Nb3 Nf5 13. Qe2 h6 14. Bd2 Rc8 {1-0 (49) Kern,M (1831)-Newton,H (2002) IECC email 2002}) 12... Bxe5 {[%emt 0:03:40]} 13. dxe5 {[%emt 0:00:08]} Rc8 {[%emt 0:00:09]} 14. Bxg6 {[%emt 0:02:02]} Nxg6 {[%emt 0:00:03]} 15. Nf3 {[%emt 0:00:04]} Qc7 {[%emt 0:05:20]} 16. Qe2 {[%emt 0:01:06]} Qb6 {[%emt 0:01:28]} 17. Qe3 {[%emt 0:00:26]} d4 {[%emt 0:05:02]} 18. cxd4 $2 {[%emt 0:01:12] [#]} (18. Nxd4 $11 Ncxe5 19. b3) 18... Nb4 $1 {[%emt 0:00:14]} 19. Qb3 {[%emt 0:01:37]} Nc2 {[%emt 0:00:22] Double Attack} 20. Qxb6 {[%emt 0:00:05]} axb6 {[%emt 0:00:01]} 21. Bd2 {[%emt 0:00:43]} Nxa1 {[%emt 0:00:16]} 22. Rxa1 {[%emt 0:00:01]} Ne7 {[%emt 0:00:30]} 23. Bb4 {[%emt 0:00:44]} Rfe8 {[%emt 0:00:05]} 24. Bxe7 {[%emt 0:02:09]} Rxe7 {[%emt 0:00:01]} 25. Rd1 {[%emt 0:01:19]} Rd7 {[%emt 0:01:04]} 26. b3 {[%emt 0:00:50]} Rc2 {[%emt 0:00:36]} 27. Rd2 {[%emt 0:07:09]} (27. Ng5 {keeps fighting.}) 27... Rxd2 {[%emt 0:02:51]} 28. Nxd2 {[%emt 0:00:01]} Rxd4 {[%emt 0:00:41]} 29. Nc4 {[%emt 0:00:01]} b5 {[%emt 0:00:44]} 30. Na3 {[%emt 0:03:02]} Rd1+ {[%emt 0:00:48]} (30... b4 $142 31. Nc2 Rd1+ 32. Kh2 Rd2 {[%mdl 64] Double Attack} 33. Nxb4 Rxf2) 31. Kh2 {[%emt 0:00:02]} Rd2 {[%emt 0:00:48]} 32. Nxb5 {[%emt 0:00:13]} Rxa2 {[%emt 0:00:05]} 33. Nd6 {[%emt 0:02:11]} Rb2 {[%emt 0:00:30]} 34. Nxb7 {[%emt 0:00:04]} Rxb3 {[%emt 0:00:08]} 35. Nd6 {[%emt 0:00:37]} Rd3 {[%emt 0:00:24]} 36. h4 {[%emt 0:06:28]} Rd5 {[%emt 0:00:29]} 37. f4 {[%emt 0:00:09]} f6 {[%emt 0:00:14]} 38. Nc8 {[%emt 0:01:04]} Rc5 {[%emt 0:00:08]} 39. Nb6 {[%emt 0:00:33]} fxe5 {[%emt 0:00:34]} 40. Nd7 {[%emt 0:00:14]} Rc4 {[%emt 0:00:07]} 41. fxe5 {[%emt 0:00:07]} Rxh4+ {[%emt 0:00:08]} 42. Kg3 {[%emt 0:00:01]} Rd4 {[%emt 0:00:12]} 43. Nc5 {[%emt 0:00:47] [#]} Kf7 {[%emt 0:01:17]} (43... Rd5 $142 $1 44. Nxe6 Rxe5) 44. Nb7 {[%emt 0:00:48]} Ke7 $19 {[%emt 0:01:02]} 45. Kf3 {[%emt 0:00:14]} Rd5 {[%emt 0:00:31]} 46. Kf4 {[%emt 0:01:32]} Kd7 {[%emt 0:00:14]} 47. g4 {[%emt 0:00:17]} Kc7 {[%emt 0:00:27]} 48. Nd6 {[%emt 0:00:03]} Rxd6 {[%emt 0:00:06]} 49. exd6+ {[%emt 0:00:02]} Kxd6 {[%emt 0:00:11]} 50. Ke4 {[%emt 0:00:09]} g5 {[%emt 0:00:14]} 51. Kd4 {[%emt 0:00:10]} e5+ {[%emt 0:00:04]} 52. Ke4 {[%emt 0:00:00]} Ke6 {[%emt 0:00:06]} 53. Ke3 {[%emt 0:00:02]} Kd5 {[%emt 0:00:06]} 54. Kd3 {[%emt 0:00:01]} e4+ {[%emt 0:00:06]} 55. Ke3 {[%emt 0:00:01]} Ke5 {[%emt 0:00:15]} 56. Ke2 {[%emt 0:00:02]} Kf4 {[%emt 0:00:07]} 57. Kf2 {[%emt 0:00:02]} Kxg4 {[%emt 0:00:07]} 58. Ke3 {[%emt 0:00:01]} Kf5 {[%emt 0:00:09]} 59. Kf2 {[%emt 0:00:01]} Kf4 {[%emt 0:00:07]} 60. Ke2 {[%emt 0:00:01]} g4 {[%emt 0:00:27]} 61. Kf2 {[%emt 0:00:03]} g3+ {[%emt 0:00:07]} 62. Kg2 {[%emt 0:00:03]} e3 {[%emt 0:00:07]} 63. Kf1 {[%emt 0:00:02]} Kf3 {[%emt 0:00:06]} 64. Ke1 {[%emt 0:00:13]} g2 {[%emt 0:00:07]} 65. Kd1 {[%emt 0:00:00]} g1=Q+ {[%emt 0:00:17]} 66. Kc2 {[%emt 0:00:06]} e2 {[%emt 0:00:12]} 67. Kd3 {[%emt 0:00:08]} Qe3+ {[%emt 0:00:05]} 68. Kc2 {[%emt 0:00:12]} Qd4 {[%emt 0:00:02]} 69. Kb3 {[%emt 0:00:04]} Qc5 {[%emt 0:00:08]} 70. Kb2 {[%emt 0:00:09]} Qc4 {[%emt 0:00:36]} 71. Ka3 {[%emt 0:00:06]} Qb5 {[%emt 0:00:06]} 72. Ka2 {[%emt 0:00:02]} Qb4 {[%emt 0:00:08]} 73. Ka1 {[%emt 0:00:01]} e1=Q+ {[%emt 0:00:12]} 74. Ka2 {[%emt 0:00:01]} Qeb1# {[%emt 0:00:15]} 0-1